|
|
|
|
| LEADER |
01030cam a2200277 7i4500 |
| 001 |
0000067018 |
| 005 |
20220310090000.0 |
| 020 |
|
|
|a 9781315779447 (electronic book)
|
| 090 |
0 |
0 |
|a HD8038.A1
|b R249 2016
|
| 245 |
0 |
4 |
|a The Routledge companion to the professions and professionalism
|c edited by Mike Dent [and three others].
|
| 264 |
|
|
|a Abingdon, Oxon:
|b Routledge,
|c 2016.
|
| 300 |
|
|
|a 1 online resource (xviii, 390 pages):
|b text file, PDF.
|
| 336 |
|
|
|a text
|2 rdacontent
|
| 337 |
|
|
|a computer
|2 rdamedia
|
| 338 |
|
|
|a online resource
|2 rdacarrier
|
| 490 |
0 |
|
|a Routledge companions in business, managementand accounting
|
| 650 |
|
0 |
|a Personnel management
|
| 650 |
|
0 |
|a Professional ethics
|
| 650 |
|
0 |
|a Professions
|
| 650 |
|
0 |
|a Professional employees
|
| 655 |
|
0 |
|a Electronic books
|
| 700 |
1 |
|
|a Dent, mike
|
| 856 |
4 |
2 |
|u http://library.unisel.edu.my/web/guest/mylibrary
|
| 997 |
|
|
|a Business & Accountancy, Faculty
|
| 998 |
|
|
|a Human Resource Management, Degree
|
| 999 |
|
|
|a EBO0011494
|b EBOOK
|c EBOOK
|e Electronic resources
|